00433 a2200121 4500020001500000082001600015100001900031245009500050260004500145300002600190500002000216650007500236 a8185617651 a808.042 BAU aBaugh, L. Sue. a How to write first-class memos : the handbook for practical memo writingc L. Sue. Baugh, aNew Delhi:bViva Books Pvt. Ltd.,c1998. avii, 216 p. ;c23 cm. a Includes Index aBusiness writing. 2.Memorandums.3.English language --Business English.